Statistics for Geography General Knowledge #3

Click here to take the quiz!

General Stats

  • This quiz has been taken 58,374 times
  • The average score is 12 of 20

Answer Stats

QuestionAnswer% Correct
What is usually considered to be the world's longest river?Nile River
97%
In what country would you find the city of Limerick?Ireland
86%
In what city is the Brandenburg Gate located?Berlin
84%
What is the oldest national park in the United States - and also the world?Yellowstone
78%
What country is home to the Sherpas?Nepal
74%
Near what major city would you find Old Trafford stadium?Manchester
65%
Who do the Swiss Guard guard?The Pope
64%
What country was formerly known as Ceylon?Sri Lanka
64%
What is the most populous state in Australia?New South Wales
59%
On what lake is Toronto located?Lake Ontario
57%
What is the world's least-densely populated country?Mongolia
53%
What is the French town that is closest to Great Britain?Calais
53%
In what country did Bossa Nova music originate?Brazil
46%
What city did Rome defeat in the Punic Wars?Carthage
46%
What Indonesian volcano exploded in 1883 with the force of 200 megatons of TNT?Krakatoa
45%
What is Africa's second longest river?Congo
45%
What well-known mountain pass connects Pakistan and Afghanistan?{Khyber} Pass
40%
What modern country traces its origins to King Clovis in the late 400s AD?France
40%
What modern-day capital is near the location of the above former city?Tunis
37%
What national capital is also known as Krung Thep?Bangkok
34%

Score Distribution

Percentile by Number Answered

Percent of People with Each Score

Your Score History

You have not taken this quiz